000
00314nam a22001457a 4500
020
_a
9781781633694
041
_a
ENG
082
_a
342.0878
_b
SHA
100
_a
Shaikh Sarfaraz
245
_a
Human Rights of Women in Islam
260
_a
UK,
_b
Koros Press
_c
2015
300
_a
337p
650
_a
Law
942
_c
BK
999
_c
23578
_d
23578